| 000 | 01426nam a2200361 i 4500 | ||
|---|---|---|---|
| 001 | 8617 | ||
| 003 | KOSZ 005 | ||
| 005 | 20221229132848.0 | ||
| 008 | 070714s1970 pl a g 000 0 pol | ||
| 015 | _aPB 1970/4183 | ||
| 040 |
_aWA N _cWA N _dKOSZ 005/ID _dKOSZ 005/HR |
||
| 046 | _k1970 | ||
| 080 | _a338.4(26)(438) | ||
| 080 | _a94(438) | ||
| 080 | _a(06) | ||
| 245 | 0 | 0 |
_aZ dawnych i nowych dziejów Polski nad Bałtykiem : _breferaty z sesji naukowej zorganizowanej przez Szczecińskie Towarzystwo Naukowe w dniu 7 grudnia 1968 roku, w pięćdziesiątą rocznicę odzyskania niepodległości / _cred. Edmund Dobrzycki. |
| 260 |
_aSzczecin : _bPaństwowe Wydawnictwo Naukowe, _bna zlec. Polskiej Akademii Nauk, _c1970. |
||
| 300 |
_a155, [3] s. : _bil. ; _c24 cm. |
||
| 336 |
_2rdacontent _aTekst _btxt |
||
| 337 |
_2rdamedia _aBez urządzenia pośredniczącego _bn |
||
| 338 |
_2rdacarrier _aWolumin _bnc |
||
| 380 | _aKsiążki. | ||
| 504 | _aBibliogr. przy rozdz. | ||
| 650 | 4 | _aGospodarka morska | |
| 651 | 4 | _aPolska | |
| 658 | _aGospodarka, ekonomia, finanse | ||
| 658 | _aHistoria | ||
| 700 | 1 |
_aDobrzycki, Edmund _eRedakcja |
|
| 710 | 2 |
_aPaństwowe Wydawnictwo Naukowe _4pbl. |
|
| 710 | 2 | _aSzczecińskie Towarzystwo Naukowe | |
| 856 |
_uhttp://koha.tu.koszalin.pl/cgi-bin/koha/opac-detail.pl?biblionumber=8617 _yKatalog online BPK |
||
| 942 |
_2UKD _cKS |
||
| 999 |
_c8617 _d8617 |
||